[Event "GER-ch U25-B"]
[Site "Willingen"]
[Date "2023.06.01"]
[Round "7"]
[White "Kauth, Lukas Michael"]
[Black "Christen, Jan"]
[Result "1-0"]
[WhiteElo "1315"]
[BlackElo "1598"]
[PlyCount "55"]
[EventDate "2023.05.27"]
[EventType "swiss"]
[EventRounds "9"]
[EventCountry "GER"]
[SourceTitle "CBM 214 Extra"]
[Source "ChessBase"]
[SourceDate "2023.07.31"]
[SourceVersion "1"]
[SourceVersionDate "2023.07.31"]
[SourceQuality "1"]

1. d4 d5 2. c4 c6 3. Nf3 Nf6 4. Qc2 e6 5. g3 Bb4+ 6. Bd2 Be7 7. Bg2 Nbd7 8. Na3 Bxa3 9. bxa3 0-0 10. 0-0 b6 11. cxd5 cxd5 12. Bb4 Re8 13. a4 Bb7 14. Qb2 Ne4 15. Rfd1 Ndf6 16. Ne5 Rc8 17. Rac1 Rxc1 18. Rxc1 Nd7 19. e3 Nxe5 20. dxe5 Qd7 21. f3 Nc5 22. Bxc5 bxc5 23. Rxc5 Qxa4 24. Qxb7 Qd1+ 25. Bf1 Qxf3 26. Rc2 Qxe3+ 27. Rf2 Qxe5 28. Qxf7+ 1-0

[Event "GER-ch U25-B"]
[Site "Willingen"]
[Date "2023.05.31"]
[Round "5"]
[White "Frowein, Jamie"]
[Black "Christen, Jan"]
[Result "0-1"]
[WhiteElo "1441"]
[BlackElo "1598"]
[PlyCount "96"]
[EventDate "2023.05.27"]
[EventType "swiss"]
[EventRounds "9"]
[EventCountry "GER"]
[SourceTitle "CBM 214 Extra"]
[Source "ChessBase"]
[SourceDate "2023.07.31"]
[SourceVersion "1"]
[SourceVersionDate "2023.07.31"]
[SourceQuality "1"]

1. c4 c6 2. Nf3 Nf6 3. Nc3 d5 4. e3 e6 5. b3 Nbd7 6. Bb2 Bd6 7. d4 0-0 8. Be2 Re8 9. 0-0 dxc4 10. bxc4 b6 11. Qc2 Bb7 12. Rad1 Rc8 13. Rfe1 Qc7 14. e4 e5 15. d5 cxd5 16. Nb5 Qb8 17. Nxd6 Qxd6 18. Qb1 d4 19. Bd3 Nc5 20. Ba3 Qe6 21. Nd2 Nxd3 22. Qxd3 Ba6 23. Rc1 Rc7 24. Bb2 Qc8 25. Qa3 Re6 26. Rc2 Rec6 27. Rec1 Ne8 28. Nf3 f6 29. Qb3 Kh8 30. Nd2 Nd6 31. Qb4 Nxc4 32. Nxc4 Rxc4 33. Rxc4 Rxc4 34. Rxc4 Bxc4 35. a4 Qc5 36. Qd2 Qa5 37. Qd1 Qb4 38. Qc1 Qxa4 39. h3 b5 40. Ba3 d3 41. Be7 Qc2 42. Qe3 d2 43. Kh2 d1Q 44. Bxf6 gxf6 45. Qh6 Qd8 46. Qe3 Qcd2 47. Qxa7 Qf4+ 48. g3 Qxe4 0-1